000 00263nam a22001217a 4500
008 171106b xxu||||| |||| 00| 0 eng d
041 _aeng
080 _a330.722.6
100 _a61
101 _aKON
245 _aTRUTH IN ACCOUNTING
_cNEAL,K,M
942 _2udc
_cBK
999 _c37696
_d37696